[Event "Cultural Village Schaaktoernooi 2013"]
[Site "Wijk aan Zee"]
[Date "2013.11.30"]
[Round "1.2"]
[White "Tycho Dijkhuis"]
[Black "Frank Erwich"]
[Result "1-0"]
[WhiteElo "2206"]
[BlackElo "2319"]
[PlyCount "43"]
[EventDate "2013.11.30"]

1. e4 e5 2. Nf3 Nc6 3. Bc4 Nf6 4. Ng5 d5 5. exd5 Na5 6. Bb5+ Bd7 7. Qe2 Be7 8.
O-O O-O 9. Bxd7 Qxd7 10. Nc3 Rfe8 11. Qf3 Rad8 12. d3 h6 13. Nge4 Nxd5 14. Qg3
Qe6 15. Nxd5 Rxd5 16. f4 exf4 17. Bxf4 c5 18. Rae1 Qc6 19. Bd2 b6 20. Qf3 f5
21. Bxa5 bxa5 22. Nc3 1-0

[Event "Cultural Village Schaaktoernooi 2013"]
[Site "Wijk aan Zee"]
[Date "2013.11.30"]
[Round "1.5"]
[White "David Klein"]
[Black "Jorden van Foreest"]
[Result "1/2-1/2"]
[WhiteElo "2489"]
[BlackElo "2330"]
[PlyCount "47"]
[EventDate "2013.11.30"]

1. e4 e5 2. Nf3 Nc6 3. Nc3 Nf6 4. d4 exd4 5. Nxd4 Bb4 6. Nxc6 bxc6 7. Bd3 d5 8.
exd5 O-O 9. O-O cxd5 10. h3 h6 11. Qf3 Rb8 12. Bf4 Re8 13. Rad1 Bb7 14. Nb5 d4
15. Qg3 Nh5 16. Qh2 Nxf4 17. Qxf4 a6 18. Nxd4 Qd5 19. Nf3 Bd6 20. Qd4 Qh5 21.
Qg4 Bxf3 22. Qxf3 Qxf3 23. gxf3 Rxb2 24. a4 1/2-1/2

[Event "Cultural Village Schaaktoernooi 2013"]
[Site "Wijk aan Zee"]
[Date "2013.11.30"]
[Round "3.1"]
[White "Tycho Dijkhuis"]
[Black "Robert Ris"]
[Result "0-1"]
[WhiteElo "2206"]
[BlackElo "2416"]
[PlyCount "92"]
[EventDate "2013.11.30"]

1. e4 e5 2. Nf3 Nc6 3. Bc4 Nf6 4. Ng5 Bc5 5. Bxf7+ Ke7 6. Bb3 d6 7. Nc3 Rf8 8.
O-O Qe8 9. Nd5+ Kd8 10. d4 Nxd4 11. Nxf6 gxf6 12. Nf3 Bg4 13. Nxd4 Bxd1 14.
Ne6+ Ke7 15. Rxd1 Bb6 16. Nxf8 Qh5 17. Rd3 Rxf8 18. Be3 f5 19. Bxb6 axb6 20.
exf5 Qxf5 21. Rf3 Qe4 22. Re3 Qd4 23. Rf1 Rf6 24. Rh3 h6 25. Rg3 d5 26. Rd3
Qxb2 27. Rxd5 Rd6 28. Rb5 Qc3 29. a4 h5 30. a5 h4 31. Ba4 h3 32. axb6 hxg2 33.
Rfb1 c6 34. R5b3 Qxc2 35. Rb4 Qe2 36. R4b2 Qh5 37. Rb3 Rd1+ 38. Rxd1 Qxd1+ 39.
Kxg2 Qg4+ 40. Rg3 Qxa4 41. Rg7+ Kd6 42. Rxb7 Qg4+ 43. Kf1 Kc5 44. Re7 Qd1+ 45.
Kg2 Qd5+ 46. Kf1 Kxb6 0-1

[Event "Cultural Village Schaaktoernooi 2013"]
[Site "Wijk aan Zee"]
[Date "2013.11.30"]
[Round "3.2"]
[White "Li Riemersma"]
[Black "Rick Duijker"]
[Result "1-0"]
[WhiteElo "2443"]
[BlackElo "2251"]
[PlyCount "71"]
[EventDate "2013.11.30"]

1. d4 Nf6 2. c4 c5 3. d5 b5 4. cxb5 a6 5. bxa6 Bxa6 6. Nc3 g6 7. e4 Bxf1 8.
Kxf1 d6 9. Nf3 Bg7 10. g3 O-O 11. Kg2 Nbd7 12. a4 Ng4 13. Nd2 f5 14. exf5 gxf5
15. Qe2 Nb6 16. Nf3 Qd7 17. Rd1 Nxa4 18. Nxa4 Rxa4 19. Rxa4 Qxa4 20. Qe6+ Kh8
21. Re1 Qc2 22. Be3 Qe4 23. Bg5 Qxe6 24. Rxe6 Nf6 25. Rxe7 Nxd5 26. Rb7 Nf6 27.
b3 d5 28. Nh4 Ne4 29. Be7 Rc8 30. Nxf5 c4 31. bxc4 dxc4 32. f3 Nf6 33. Ba3 Bf8
34. Bb2 c3 35. Bxc3 Rxc3 36. Rf7 1-0

[Event "Cultural Village Schaaktoernooi 2013"]
[Site "Wijk aan Zee"]
[Date "2013.11.30"]
[Round "3.3"]
[White "Merijn van Delft"]
[Black "Frank Erwich"]
[Result "1/2-1/2"]
[WhiteElo "2424"]
[BlackElo "2319"]
[PlyCount "59"]
[EventDate "2013.11.30"]

1. e4 e5 2. Nf3 Nc6 3. Bb5 Nge7 4. Nc3 d6 5. d4 a6 6. Bc4 exd4 7. Nxd4 Nxd4 8.
Qxd4 Nc6 9. Qe3 Be7 10. Nd5 b5 11. Be2 O-O 12. O-O Bf6 13. a4 Nd4 14. Bd3 Bb7
15. Nxf6+ Qxf6 16. axb5 axb5 17. Rxa8 Rxa8 18. c3 Nb3 19. Bxb5 Qe5 20. Bd3 Ra1
21. Qg5 Qxg5 22. Bxg5 Rxf1+ 23. Bxf1 Bxe4 24. f3 Bf5 25. g4 Be6 26. Kf2 f6 27.
Be3 Na5 28. Bd3 Nc4 29. Bxc4 Bxc4 30. b4 1/2-1/2

[Event "Cultural Village Schaaktoernooi 2013"]
[Site "Wijk aan Zee"]
[Date "2013.11.30"]
[Round "3.4"]
[White "David Klein"]
[Black "Hing Ting Lai"]
[Result "1-0"]
[WhiteElo "2489"]
[BlackElo "2169"]
[PlyCount "111"]
[EventDate "2013.11.30"]

1. e4 c6 2. d4 d5 3. Nc3 dxe4 4. Nxe4 Nd7 5. Nf3 Ngf6 6. Ng3 e6 7. Bd3 Bd6 8.
O-O O-O 9. b3 b6 10. Bb2 Bb7 11. Qe2 c5 12. Rad1 Qc7 13. dxc5 Bxc5 14. Ne4 Nxe4
15. Bxe4 Bxe4 16. Qxe4 Be7 17. c4 Bf6 18. Bxf6 Nxf6 19. Qe5 Rfc8 20. Rd3 Qxe5
21. Nxe5 b5 22. cxb5 Rc5 23. Rfd1 g5 24. Nc4 Rxb5 25. Rd8+ Rxd8 26. Rxd8+ Kg7
27. Kf1 g4 28. Rc8 Rb7 29. Rc5 Ne4 30. Re5 Nc3 31. Rg5+ Kf6 32. Rxg4 Nxa2 33.
Rf4+ Kg7 34. g3 Nc1 35. Nd6 Rd7 36. Ne8+ Kf8 37. Nf6 Rd1+ 38. Kg2 Nxb3 39.
Nxh7+ Kg7 40. Ng5 Rd7 41. Rg4 Kh6 42. h4 Nc5 43. Rf4 f5 44. Rc4 Rd5 45. Rb4 Kg6
46. Rb8 Rd2 47. Nh3 e5 48. Rg8+ Kh7 49. Rg5 e4 50. Rxf5 Nd3 51. Ng5+ Kg6 52.
Nxe4 Re2 53. Rg5+ Kh6 54. Kf3 Re1 55. Rd5 Rd1 56. Rd6+ 1-0

[Event "Cultural Village Schaaktoernooi 2013"]
[Site "Wijk aan Zee"]
[Date "2013.11.30"]
[Round "4.1"]
[White "Robert Ris"]
[Black "Arthur Pijpers"]
[Result "0-1"]
[WhiteElo "2416"]
[BlackElo "2366"]
[PlyCount "34"]
[EventDate "2013.11.30"]

1. Nf3 d5 2. c4 d4 3. g3 Nc6 4. d3 e5 5. Bg2 Nf6 6. O-O Bd6 7. b4 Nxb4 8. Nxe5
Bxe5 9. Qa4+ Nc6 10. Bxc6+ bxc6 11. Qxc6+ Bd7 12. Qg2 O-O 13. Nd2 Qc8 14. Re1
Re8 15. Nf3 Bc6 16. h3 Bd6 17. g4 Bb4 0-1

[Event "Cultural Village Schaaktoernooi 2013"]
[Site "Wijk aan Zee"]
[Date "2013.11.30"]
[Round "4.2"]
[White "Hing Ting Lai"]
[Black "Jorden van Foreest"]
[Result "1/2-1/2"]
[WhiteElo "2169"]
[BlackElo "2330"]
[PlyCount "163"]
[EventDate "2013.11.30"]

1. e4 e5 2. Nf3 Nc6 3. Nc3 Nf6 4. d4 exd4 5. Nxd4 Bb4 6. Nxc6 bxc6 7. Bd3 d5 8.
exd5 O-O 9. O-O cxd5 10. h3 Be6 11. Qf3 Rb8 12. Bf4 Bd6 13. b3 Rb4 14. Ne2 Bxf4
15. Nxf4 Qd6 16. Ne2 c5 17. Rad1 h6 18. c3 Rbb8 19. Ng3 Rfe8 20. Rfe1 Qc7 21.
Bc2 Qa5 22. Re2 Rbd8 23. Rde1 Kf8 24. Bf5 Bxf5 25. Nxf5 Rxe2 26. Rxe2 d4 27.
Qg3 Nh5 28. Qe5 d3 29. Rd2 Qb6 30. Qe3 c4 31. bxc4 Qxe3 32. Nxe3 Nf4 33. Nd5 g5
34. g3 Nxh3+ 35. Kg2 g4 36. Rxd3 Ng5 37. Rd4 h5 38. Nf6 Rc8 39. Nxh5 Nf3 40.
Rxg4 Ne5 41. Re4 Nxc4 42. Nf4 Nb6 43. Re3 Na4 44. Nd5 Rc5 45. Rd3 Ra5 46. Rd2
Rc5 47. Rd3 Ra5 48. Kf3 Nb2 49. Rd2 Nc4 50. Rd4 Nd6 51. a4 Nf5 52. Rd3 Rc5 53.
Ke4 Nd6+ 54. Ke5 Nc4+ 55. Kd4 Rc8 56. f4 Nb2 57. Rd2 Rc4+ 58. Ke5 Nxa4 59. Rd3
Nc5 60. Rd4 Rxd4 61. cxd4 Nb3 62. Nc3 Ke7 63. g4 f6+ 64. Kd5 a5 65. Kc4 Nd2+
66. Kb5 Nf3 67. d5 Ne1 68. Kc6 Nd3 69. d6+ Kd8 70. g5 fxg5 71. fxg5 Ne5+ 72.
Kd5 Ng6 73. Ne4 a4 74. Ke6 a3 75. Nc3 Nf4+ 76. Kf5 Nh5 77. Ke5 Kd7 78. g6 Ng7
79. Kd5 Nf5 80. Ne4 Nxd6 81. g7 Nxe4 82. Kxe4 1/2-1/2

[Event "Cultural Village Schaaktoernooi 2013"]
[Site "Wijk aan Zee"]
[Date "2013.11.30"]
[Round "4.3"]
[White "Frank Erwich"]
[Black "David Klein"]
[Result "0-1"]
[WhiteElo "2319"]
[BlackElo "2489"]
[PlyCount "74"]
[EventDate "2013.11.30"]

1. e4 c5 2. Nf3 e6 3. c4 d6 4. d4 cxd4 5. Nxd4 Nf6 6. Nc3 a6 7. Be2 b6 8. f4
Nbd7 9. O-O Bb7 10. Bf3 Qc7 11. Be3 Be7 12. Rc1 O-O 13. g4 Nc5 14. Qc2 e5 15.
Nf5 exf4 16. Bxf4 Ne6 17. Be3 Bd8 18. Nd5 Qb8 19. Rfd1 Nd7 20. Nxd6 Ne5 21. Be2
Bxd5 22. Rxd5 Ng6 23. Rf1 Bc7 24. Qd2 Ne7 25. Nf5 Bxh2+ 26. Kg2 Ng6 27. Rd7 Bf4
28. Ne7+ Nxe7 29. Bxf4 Nxf4+ 30. Qxf4 Qe8 31. Qd6 Ng6 32. Qd5 Ne5 33. Rd6 Ra7
34. Rf5 Ng6 35. Kg3 Qe7 36. g5 Qc7 37. Bh5 Ne7 0-1

[Event "Cultural Village Schaaktoernooi 2013"]
[Site "Wijk aan Zee"]
[Date "2013.11.30"]
[Round "4.4"]
[White "Rick Duijker"]
[Black "Merijn van Delft"]
[Result "1/2-1/2"]
[WhiteElo "2251"]
[BlackElo "2424"]
[PlyCount "40"]
[EventDate "2013.11.30"]

1. d4 d5 2. Bg5 h6 3. Bh4 c6 4. e3 Qb6 5. Qc1 e5 6. Nf3 exd4 7. exd4 Be7 8.
Bxe7 Nxe7 9. Bd3 O-O 10. O-O Bf5 11. Bxf5 Nxf5 12. c3 Nd6 13. Nbd2 Nd7 14. Re1
Rfe8 15. Qc2 Nf8 16. Ne5 Re6 17. Re3 Rae8 18. Rae1 f6 19. Ng4 Rxe3 20. Rxe3
Rxe3 1/2-1/2

[Event "Cultural Village Schaaktoernooi 2013"]
[Site "Wijk aan Zee"]
[Date "2013.11.30"]
[Round "4.5"]
[White "Tycho Dijkhuis"]
[Black "Li Riemersma"]
[Result "1/2-1/2"]
[WhiteElo "2206"]
[BlackElo "2443"]
[PlyCount "91"]
[EventDate "2013.11.30"]

1. e4 c6 2. d4 d5 3. e5 Bf5 4. Nf3 e6 5. Be2 c5 6. Be3 cxd4 7. Nxd4 Ne7 8. c4
Nbc6 9. Qa4 a6 10. Nc3 dxc4 11. O-O-O Qa5 12. Qxa5 Nxa5 13. Nxf5 Nxf5 14. Bb6
Nc6 15. f4 Rc8 16. Kb1 Be7 17. Bxc4 g5 18. g3 Nxe5 19. Bxe6 fxe6 20. fxe5 Rc6
21. Bf2 Rc4 22. Rhe1 Rf8 23. Ne4 g4 24. Bb6 Rc6 25. Ba5 h5 26. Bc3 h4 27. gxh4
Nxh4 28. Rg1 Rf4 29. Rd4 Ng6 30. Bd2 Rf5 31. Nd6+ Bxd6 32. exd6 Ne5 33. d7+
Nxd7 34. Rdxg4 Ne5 35. Rg8+ Ke7 36. Bb4+ Kd7 37. Rd1+ Kc7 38. Be7 Rc4 39. b3
Rg4 40. Bd6+ Kb6 41. Rc8 Nc6 42. Rc1 Rg2 43. Re8 Rff2 44. Bc5+ Kb5 45. Bxf2
Rxf2 46. Rxe6 1/2-1/2

[Event "Cultural Village Schaaktoernooi 2013"]
[Site "Wijk aan Zee"]
[Date "2013.11.30"]
[Round "5.2"]
[White "Merijn van Delft"]
[Black "Tycho Dijkhuis"]
[Result "1-0"]
[WhiteElo "2424"]
[BlackElo "2206"]
[PlyCount "83"]
[EventDate "2013.11.30"]

1. Nf3 c5 2. g3 Nc6 3. Bg2 g6 4. O-O Bg7 5. d3 e5 6. c4 Nge7 7. Nc3 O-O 8. Ne1
d6 9. Nc2 Be6 10. Ne3 Qd7 11. a3 a5 12. Rb1 f5 13. Ned5 Nc8 14. b4 axb4 15.
axb4 cxb4 16. Nxb4 e4 17. Ncd5 Nxb4 18. Rxb4 Bxd5 19. cxd5 Be5 20. dxe4 f4 21.
e3 g5 22. Qh5 Qg7 23. Qg4 fxg3 24. hxg3 h5 25. Qe6+ Kh7 26. f4 gxf4 27. exf4
Bd4+ 28. Kh2 Ra2 29. Qh3 Kg8 30. Rb3 Nb6 31. Rd1 Nc4 32. Rbd3 Ba7 33. f5 Qe5
34. Qh4 Rf7 35. Qf4 Qf6 36. Qg5+ Qxg5 37. Bxg5 Ne5 38. R3d2 Ng4+ 39. Kh3 Ra3
40. Kh4 Nf2 41. Rf1 Nd3 42. Rf3 1-0

[Event "Cultural Village Schaaktoernooi 2013"]
[Site "Wijk aan Zee"]
[Date "2013.11.30"]
[Round "5.3"]
[White "David Klein"]
[Black "Rick Duijker"]
[Result "1-0"]
[WhiteElo "2489"]
[BlackElo "2251"]
[PlyCount "121"]
[EventDate "2013.11.30"]

1. e4 c5 2. Nf3 Nc6 3. Bb5 Na5 4. c3 a6 5. Ba4 b5 6. Bc2 Bb7 7. O-O e6 8. d4
cxd4 9. cxd4 Rc8 10. Nbd2 Nf6 11. Re1 Be7 12. Bd3 O-O 13. Nf1 Nc4 14. Ng3 d6
15. b3 Nb6 16. Bd2 Nbd7 17. Qe2 d5 18. e5 Ne4 19. Nxe4 dxe4 20. Bxe4 Bxe4 21.
Qxe4 Nb6 22. Ba5 Rb8 23. Rac1 Qd7 24. Bxb6 Rxb6 25. Rc2 f5 26. exf6 Bxf6 27.
Rec1 Rd8 28. g3 Rd6 29. Rc7 Qe8 30. R1c6 a5 31. Kg2 a4 32. Rxd6 Rxd6 33. Qb7
Rd8 34. Rc5 axb3 35. axb3 Rb8 36. Qe4 Qd7 37. Qc6 Qxc6 38. Rxc6 Rd8 39. Rb6 Rd5
40. Rxe6 Bxd4 41. Re8+ Kf7 42. Rb8 Bf6 43. h4 h5 44. Ng1 Bc3 45. Ne2 b4 46. Rc8
Rd2 47. Nxc3 bxc3 48. Rxc3 Rb2 49. Rc5 Rxb3 50. Rxh5 Kg6 51. Rg5+ Kh6 52. Rg4
g6 53. Rf4 Kh5 54. Rc4 Rb2 55. Rc5+ Kh6 56. g4 Rb3 57. f3 Ra3 58. Kg3 Rb3 59.
Rc6 Kh7 60. Rc7+ Kh6 61. g5+ 1-0

[Event "Cultural Village Schaaktoernooi 2013"]
[Site "Wijk aan Zee"]
[Date "2013.11.30"]
[Round "5.4"]
[White "Jorden van Foreest"]
[Black "Frank Erwich"]
[Result "1-0"]
[WhiteElo "2330"]
[BlackElo "2319"]
[PlyCount "79"]
[EventDate "2013.11.30"]

1. Nf3 Nf6 2. c4 b6 3. g3 Bb7 4. Bg2 e6 5. O-O Be7 6. d4 O-O 7. Nc3 Ne4 8. Qc2
Nxc3 9. Qxc3 c5 10. d5 exd5 11. Qc2 Nc6 12. cxd5 Nb4 13. Qb1 Nxd5 14. e4 Nf6
15. e5 Be4 16. exf6 Bxb1 17. fxe7 Qxe7 18. Rxb1 d5 19. Bf4 h6 20. Rfe1 Qf6 21.
Ne5 Rad8 22. Rbd1 d4 23. Nc6 Rde8 24. b4 Rxe1+ 25. Rxe1 d3 26. Be5 Qe6 27. Bd5
Qg4 28. f3 Qg5 29. Bf4 Qf6 30. Be5 Qg5 31. Bf4 Qf6 32. bxc5 Qc3 33. Rc1 d2 34.
Rxc3 d1=Q+ 35. Kf2 Re8 36. Be4 f5 37. Rc1 Qd7 38. Nb8 Rxb8 39. c6 Qd4+ 40. Be3
1-0

[Event "Cultural Village Schaaktoernooi 2013"]
[Site "Wijk aan Zee"]
[Date "2013.11.30"]
[Round "5.5"]
[White "Arthur Pijpers"]
[Black "Hing Ting Lai"]
[Result "0-1"]
[WhiteElo "2366"]
[BlackElo "2169"]
[PlyCount "86"]
[EventDate "2013.11.30"]

1. e4 e6 2. d4 d5 3. Nc3 Nf6 4. e5 Nfd7 5. f4 c5 6. Nf3 Nc6 7. Be3 cxd4 8. Nxd4
Bc5 9. Qd2 O-O 10. O-O-O Qe7 11. g3 a6 12. Qf2 Bb4 13. Nce2 f6 14. Bg2 Nxd4 15.
Nxd4 Nxe5 16. fxe5 fxe5 17. Qe2 exd4 18. Bxd4 Bd7 19. Be5 Rac8 20. Kb1 Ba4 21.
b3 Bb5 22. Qe3 Qc5 23. Qxc5 Bxc5 24. Bh3 Rce8 25. a4 Be2 26. Rd2 Bf3 27. Rf1 g5
28. g4 Be4 29. Kb2 Be3 30. Re2 Rxf1 31. Bxf1 Bf4 32. Bc3 Bf3 33. Rf2 Bxg4 34.
Bd2 Rf8 35. Bxf4 Rxf4 36. Rxf4 gxf4 37. Kc3 e5 38. a5 Bf5 39. Kd2 e4 40. c4 d4
41. c5 e3+ 42. Kd1 d3 43. Bg2 Bg4+ 0-1

[Event "Cultural Village Schaaktoernooi 2013"]
[Site "Wijk aan Zee"]
[Date "2013.12.01"]
[Round "6.1"]
[White "Robert Ris"]
[Black "Hing Ting Lai"]
[Result "1-0"]
[WhiteElo "2416"]
[BlackElo "2169"]
[PlyCount "129"]
[EventDate "2013.11.30"]

1. d4 e6 2. c4 Nf6 3. Nc3 Bb4 4. e3 d5 5. Nf3 O-O 6. Bd3 c5 7. O-O cxd4 8. exd4
dxc4 9. Bxc4 a6 10. Bg5 Be7 11. Qe2 Nc6 12. Rad1 Nb4 13. Ne5 b5 14. Bb3 Bb7 15.
Rfe1 Nbd5 16. Rd3 Nxc3 17. bxc3 Nd5 18. Bd2 Bg5 19. Bxg5 Qxg5 20. Rg3 Qe7 21.
Bc2 f5 22. c4 bxc4 23. Nxc4 Rf6 24. Bb3 Rd8 25. Qe5 Nb4 26. Nb6 Nc6 27. Qc5
Rxd4 28. Qxe7 Nxe7 29. Rc3 Kf7 30. Rc7 Bc6 31. f3 Bb5 32. a4 Be8 33. Nd5 Rxd5
34. Bxd5 Bxa4 35. Ba2 Bc6 36. Rc1 Bd5 37. Bxd5 exd5 38. Re1 Re6 39. Rxe6 Kxe6
40. Ra7 g6 41. Kf2 h6 42. Ke3 d4+ 43. Kd3 Nc6 44. Rxa6 Kd5 45. Ra8 Ne5+ 46. Ke2
h5 47. h4 Nc6 48. Rg8 Ne7 49. Rg7 Ke6 50. Kd3 Kf6 51. Rh7 Nc6 52. Rc7 Nd8 53.
f4 Ne6 54. Rc6 Ke7 55. g3 Kd7 56. Rb6 Ke7 57. Kc4 d3 58. Kxd3 Kf7 59. Kc4 Nf8
60. Kd5 Kg7 61. Ra6 Nh7 62. Ke5 Kh6 63. Ke6 Nf8+ 64. Ke7 Nh7 65. Kf7 1-0

[Event "Cultural Village Schaaktoernooi 2013"]
[Site "Wijk aan Zee"]
[Date "2013.12.01"]
[Round "6.2"]
[White "Frank Erwich"]
[Black "Arthur Pijpers"]
[Result "0-1"]
[WhiteElo "2319"]
[BlackElo "2366"]
[PlyCount "44"]
[EventDate "2013.11.30"]

1. e4 c5 2. b3 Nc6 3. Bb2 e5 4. Nc3 d6 5. f4 exf4 6. Nf3 Nf6 7. Nd5 Be7 8. Nxf4
O-O 9. Qe2 Bg4 10. h3 Nh5 11. Nxh5 Bxh5 12. g4 Bf6 13. c3 Bg6 14. O-O-O Qa5 15.
g5 Bd8 16. a3 Qb6 17. b4 Re8 18. d3 cxb4 19. cxb4 a5 20. b5 Qxb5 21. Qc2 Rc8
22. Kb1 Bb6 0-1

[Event "Cultural Village Schaaktoernooi 2013"]
[Site "Wijk aan Zee"]
[Date "2013.12.01"]
[Round "6.3"]
[White "Rick Duijker"]
[Black "Jorden van Foreest"]
[Result "1/2-1/2"]
[WhiteElo "2251"]
[BlackElo "2330"]
[PlyCount "131"]
[EventDate "2013.11.30"]

1. e4 e5 2. Nf3 Nc6 3. Bb5 a6 4. Ba4 Nge7 5. O-O g6 6. d4 exd4 7. Nxd4 Bg7 8.
Nxc6 Nxc6 9. Nc3 O-O 10. Be3 d6 11. Bxc6 bxc6 12. Bd4 f6 13. Ne2 Qe7 14. f3 a5
15. c4 a4 16. Bc3 Be6 17. b3 Rfd8 18. Nd4 Bd7 19. Re1 Qf7 20. Qd3 Re8 21. f4 f5
22. exf5 Bxf5 23. Nxf5 Qxf5 24. Qxf5 gxf5 25. Bxg7 Kxg7 26. b4 a3 27. Kf2 Kf6
28. Rxe8 Rxe8 29. Re1 Rb8 30. Rb1 d5 31. c5 d4 32. Ke2 Re8+ 33. Kd3 Re3+ 34.
Kd2 Ke6 35. b5 cxb5 36. Rxb5 Kd5 37. c6+ Kxc6 38. Rxf5 Kd6 39. Rf6+ Kd5 40. f5
c5 41. Rf8 Re4 42. Rd8+ Kc4 43. g3 Re3 44. f6 Rf3 45. Rd6 h5 46. Ke2 Rf5 47. h3
Kc3 48. g4 hxg4 49. hxg4 Re5+ 50. Kd1 Re4 51. f7 Rf4 52. Rd7 d3 53. Ke1 c4 54.
g5 Kc2 55. g6 c3 56. g7 d2+ 57. Ke2 Rxf7 58. g8=Q d1=Q+ 59. Rxd1 Re7+ 60. Kf3
Kxd1 61. Qb3+ c2 62. Qd3+ Kc1 63. Qxa3+ Kb1 64. Qb3+ Kc1 65. Qa3+ Kd1 66. Qxe7
1/2-1/2

[Event "Cultural Village Schaaktoernooi 2013"]
[Site "Wijk aan Zee"]
[Date "2013.12.01"]
[Round "6.4"]
[White "Tycho Dijkhuis"]
[Black "David Klein"]
[Result "0-1"]
[WhiteElo "2206"]
[BlackElo "2489"]
[PlyCount "68"]
[EventDate "2013.11.30"]

1. e4 e6 2. d4 d5 3. Nc3 Bb4 4. e5 b6 5. Qg4 Bf8 6. Bb5+ c6 7. Ba4 Ne7 8. h4 h6
9. Nge2 Nd7 10. Ng3 b5 11. Bb3 a5 12. a4 b4 13. Nce2 Ba6 14. f4 h5 15. Nxh5 Nf5
16. Nhg3 Rxh4 17. Rxh4 Qxh4 18. Qxh4 Nxh4 19. Kf2 c5 20. c3 Bd3 21. Bd1 Rb8 22.
Nf1 bxc3 23. bxc3 cxd4 24. cxd4 Nf5 25. Be3 Be7 26. Rc1 Nb6 27. g4 Nxe3 28.
Nxe3 Nc4 29. Nxc4 dxc4 30. Bc2 Rb2 31. Bd1 Ra2 32. Ke3 Ba3 33. Rc3 Bb4 34. Nc1
Ra1 0-1

[Event "Cultural Village Schaaktoernooi 2013"]
[Site "Wijk aan Zee"]
[Date "2013.12.01"]
[Round "6.5"]
[White "Li Riemersma"]
[Black "Merijn van Delft"]
[Result "1-0"]
[WhiteElo "2443"]
[BlackElo "2424"]
[PlyCount "102"]
[EventDate "2013.11.30"]

1. d4 d5 2. c4 c6 3. Nf3 Nf6 4. Nc3 e6 5. Bg5 h6 6. Bxf6 Qxf6 7. Qb3 a5 8. e3
a4 9. Nxa4 dxc4 10. Bxc4 b5 11. Bxb5 cxb5 12. Nb6 Bb7 13. Nxa8 Bxf3 14. Qxb5+
Nc6 15. gxf3 Qxf3 16. Rg1 Bb4+ 17. Kf1 O-O 18. Rc1 Rc8 19. Nb6 Rc7 20. Nc4 Bf8
21. Rg2 Ne7 22. Re1 Nf5 23. Kg1 Nh4 24. Rg3 Qa8 25. Ne5 Qxa2 26. Qb8 Qa5 27.
Rf1 Nf5 28. Rg2 Nh4 29. Rg4 Nf5 30. Qd8 Qa7 31. e4 Nxd4 32. Kh1 Nc6 33. Nxc6
Rxc6 34. Rfg1 g6 35. Qe8 Rc7 36. Rf4 Re7 37. Rxg6+ Kh7 38. Qxf8 fxg6 39. Kg2 h5
40. h4 Rg7 41. Rf6 Qb7 42. f3 Qxb2+ 43. Kg3 Qb7 44. Rxe6 Qc7+ 45. e5 Qd7 46.
Qf6 Qa7 47. Rd6 Qb7 48. e6 Qe7 49. Qxe7 Rxe7 50. Rd7 Kh6 51. Rxe7 g5 1-0

[Event "Cultural Village Schaaktoernooi 2013"]
[Site "Wijk aan Zee"]
[Date "2013.12.01"]
[Round "7.1"]
[White "Merijn van Delft"]
[Black "Robert Ris"]
[Result "1/2-1/2"]
[WhiteElo "2424"]
[BlackElo "2416"]
[PlyCount "33"]
[EventDate "2013.11.30"]

1. e4 e5 2. Nf3 Nc6 3. Bb5 Bc5 4. c3 f5 5. d4 fxe4 6. Bxc6 dxc6 7. Nxe5 Bd6 8.
Qh5+ g6 9. Qe2 Bf5 10. Bf4 Nf6 11. h3 Qe7 12. Nd2 O-O-O 13. Ndc4 Be6 14. Bh2
Nd7 15. Nxd6+ cxd6 16. Nxd7 Bxd7 17. Qe3 1/2-1/2

[Event "Cultural Village Schaaktoernooi 2013"]
[Site "Wijk aan Zee"]
[Date "2013.12.01"]
[Round "7.2"]
[White "David Klein"]
[Black "Li Riemersma"]
[Result "1/2-1/2"]
[WhiteElo "2489"]
[BlackElo "2443"]
[PlyCount "33"]
[EventDate "2013.11.30"]

1. e4 c6 2. d4 d5 3. Nc3 dxe4 4. Nxe4 Bf5 5. Ng3 Bg6 6. Bc4 Nf6 7. N1e2 e6 8.
Nf4 Bd6 9. c3 Nbd7 10. Qf3 Bxf4 11. Bxf4 O-O 12. O-O Re8 13. Rfe1 a5 14. Rad1
Nb6 15. Bf1 Qd5 16. Qxd5 cxd5 17. Be5 1/2-1/2

[Event "Cultural Village Schaaktoernooi 2013"]
[Site "Wijk aan Zee"]
[Date "2013.12.01"]
[Round "7.3"]
[White "Jorden van Foreest"]
[Black "Tycho Dijkhuis"]
[Result "1/2-1/2"]
[WhiteElo "2330"]
[BlackElo "2206"]
[PlyCount "140"]
[EventDate "2013.11.30"]

1. Nf3 d5 2. c4 d4 3. d3 Nc6 4. g3 e5 5. b3 Bb4+ 6. Nfd2 a5 7. Bg2 Nf6 8. O-O
O-O 9. Nf3 h6 10. a3 Be7 11. e3 Nd7 12. Bb2 Nc5 13. b4 axb4 14. axb4 Rxa1 15.
Bxa1 Nxb4 16. Nxe5 dxe3 17. d4 Bf6 18. dxc5 Qxd1 19. Rxd1 e2 20. Re1 Nc2 21.
Rxe2 Nxa1 22. c6 Rd8 23. Nc3 Bxe5 24. Rxe5 bxc6 25. Bxc6 Be6 26. Bd5 Bxd5 27.
Nxd5 Nb3 28. Nxc7 Nd2 29. Rd5 Rc8 30. Rxd2 Rxc7 31. Rd8+ Kh7 32. Rd4 Rb7 33.
Kg2 Rb3 34. h4 h5 35. Rd5 Kg6 36. Rg5+ Kh6 37. Kf1 Rc3 38. Rc5 Rc2 39. Rc7 f6
40. Kg2 Rc3 41. Rc8 Kg6 42. c5 Kf5 43. Rg8 g6 44. Rc8 Ke5 45. c6 Kf5 46. f3
Rc2+ 47. Kh3 Rc3 48. c7 Rc5 49. g4+ hxg4+ 50. fxg4+ Kf4 51. g5 Rc3+ 52. Kg2 f5
53. h5 Kxg5 54. hxg6 Kf4 55. g7 Rg3+ 56. Kf2 Rxg7 57. Ke2 Re7+ 58. Kd3 Kf3 59.
Kd4 f4 60. Kd5 Kf2 61. Kd6 Re2 62. Rf8 Rd2+ 63. Ke6 Re2+ 64. Kd7 Rd2+ 65. Kc8
f3 66. Rf6 Ke2 67. Kb7 Rb2+ 68. Kc6 Rc2+ 69. Kd7 f2 70. Rc6 Rxc6 1/2-1/2

[Event "Cultural Village Schaaktoernooi 2013"]
[Site "Wijk aan Zee"]
[Date "2013.12.01"]
[Round "7.4"]
[White "Arthur Pijpers"]
[Black "Rick Duijker"]
[Result "1/2-1/2"]
[WhiteElo "2366"]
[BlackElo "2251"]
[PlyCount "39"]
[EventDate "2013.11.30"]

1. e4 e6 2. d4 d5 3. Nc3 Bb4 4. e5 c5 5. a3 Bxc3+ 6. bxc3 Ne7 7. Qg4 O-O 8. Bd3
Nbc6 9. Bg5 Qe8 10. h4 f5 11. exf6 e5 12. Qg3 Nf5 13. Bxf5 exd4+ 14. Ne2 Bxf5
15. Bh6 Rf7 16. Bxg7 Bxc2 17. Ra2 d3 18. Bh6+ Kh8 19. Bg7+ Kg8 20. Bh6+ 1/2-1/2

[Event "Cultural Village Schaaktoernooi 2013"]
[Site "Wijk aan Zee"]
[Date "2013.12.01"]
[Round "7.5"]
[White "Hing Ting Lai"]
[Black "Frank Erwich"]
[Result "1-0"]
[WhiteElo "2169"]
[BlackElo "2319"]
[PlyCount "25"]
[EventDate "2013.11.30"]

1. c4 Nf6 2. g3 e6 3. Bg2 d5 4. Nf3 dxc4 5. O-O b5 6. a4 c6 7. axb5 cxb5 8. Nd4
Qxd4 9. Bxa8 Bc5 10. d3 Qd6 11. dxc4 Qb6 12. Nc3 O-O 13. cxb5 1-0

[Event "Cultural Village Schaaktoernooi 2013"]
[Site "Wijk aan Zee"]
[Date "2013.12.01"]
[Round "8.1"]
[White "Robert Ris"]
[Black "Frank Erwich"]
[Result "1-0"]
[WhiteElo "2416"]
[BlackElo "2319"]
[PlyCount "43"]
[EventDate "2013.11.30"]

1. d4 Nf6 2. Nf3 b6 3. g3 Bb7 4. Bg2 e6 5. c4 Be7 6. Nc3 Ne4 7. Bd2 f5 8. O-O
O-O 9. Ne5 Nxc3 10. Bxc3 Bxg2 11. Kxg2 c5 12. e3 Qc7 13. Qf3 Na6 14. b3 d6 15.
Nd3 Bf6 16. Nf4 Rae8 17. Nh5 Nb8 18. Nxf6+ Rxf6 19. dxc5 e5 20. Qd5+ Kh8 21.
cxd6 Qd7 22. Bxe5 1-0

[Event "Cultural Village Schaaktoernooi 2013"]
[Site "Wijk aan Zee"]
[Date "2013.12.01"]
[Round "8.3"]
[White "Tycho Dijkhuis"]
[Black "Arthur Pijpers"]
[Result "0-1"]
[WhiteElo "2206"]
[BlackElo "2366"]
[PlyCount "66"]
[EventDate "2013.11.30"]

1. e4 e6 2. d4 d5 3. Nc3 Bb4 4. a3 Bxc3+ 5. bxc3 dxe4 6. Qg4 Nf6 7. Qxg7 Rg8 8.
Qh6 c5 9. Ne2 Bd7 10. Bg5 Ng4 11. Bxd8 Nxh6 12. Bc7 f5 13. h3 Nc6 14. O-O-O
cxd4 15. cxd4 Ne7 16. Be5 Rc8 17. Nf4 Nd5 18. Nxd5 exd5 19. Be2 Rxg2 20. Bh5+
Ke7 21. Bf4 Nf7 22. Bg3 f4 23. Bh4+ Kf8 24. Rhg1 Bxh3 25. Rxg2 Bxg2 26. Rg1 f3
27. Bg3 Rc6 28. Bf4 Nd6 29. c3 Nb5 30. Kd2 Rxc3 31. a4 Rd3+ 32. Ke1 Nxd4 33. a5
Nc2# 0-1